000 005850000a22001570004500
003 LK-CoMWRAF
008 230817t ||||| |||| 00| 0 eng d
040 _aLK-CoMWRAF
_dLK-CoMWRAF
_eLK-CoMWRAF
041 _aeng
082 _a490
_bMED
245 _aMaadhya Prakgnaptiya: Udaga Saasanam: Meadia Charter
_b
260 _bCentre for Policy Alternatives ("Voices of Reconciliation" Project)
_aColombo 07 (Sri Lanka)
_c2005
300 _ap.24
650 _aFor a Democratic and Pluralist Media Culture and Social and Professional Rights for Media and Journalism in Sri Lanka
942 _cBK
999 _c2250
_d2250